[Event "Las Americas Team op U2400 Hybrid"]
[Site "Internet"]
[Date "2022.05.14"]
[Round "4.10"]
[White "Zuniga Samano, Jose Andres"]
[Black "Haynes, Anthony Trevor"]
[Result "1-0"]
[WhiteElo "1402"]
[BlackElo "1274"]
[PlyCount "65"]
[EventDate "2022.05.14"]
[EventType "team-swiss"]
[EventRounds "5"]
[EventCountry "VEN"]
[SourceTitle "EXT 2023"]
[Source "ChessBase"]
[SourceDate "2022.10.05"]
[SourceVersion "1"]
[SourceVersionDate "2022.10.05"]
[SourceQuality "1"]

1. e4 e5 2. Nf3 Nc6 3. Bb5 Nd4 4. Nxd4 exd4 5. c3 Bc5 6. b4 Bb6 7. Bb2 Qf6 8. Qf3 c6 9. Bc4 Qxf3 10. gxf3 dxc3 11. Bxc3 f6 12. Rg1 Kf8 13. b5 Bd8 14. bxc6 dxc6 15. Bb4+ Be7 16. Bxe7+ Nxe7 17. Nc3 Be6 18. Bxe6 Ng6 19. Bb3 Ne5 20. Ke2 Rd8 21. Bc2 Kf7 22. Rad1 Rd4 23. f4 Ng6 24. f5 Ne5 25. f4 Nd7 26. Ke3 c5 27. Bb3+ Kf8 28. Rg3 Nb6 29. Rdg1 Rd7 30. Be6 Re7 31. a4 g5 32. fxg5 fxg5 33. Rxg5 1-0

[Event "Guadalajara Peoneros op 1st"]
[Site "Guadalajara"]
[Date "2020.01.25"]
[Round "3"]
[White "Padilla Gomez, Sebastian"]
[Black "Zuniga Samano, Jose Andres"]
[Result "0-1"]
[WhiteElo "1553"]
[BlackElo "1492"]
[PlyCount "108"]
[EventDate "2020.01.11"]
[EventType "swiss"]
[EventRounds "5"]
[EventCountry "MEX"]
[SourceTitle "CBM 195 Extra"]
[Source "ChessBase"]
[SourceDate "2020.05.31"]
[SourceVersion "1"]
[SourceVersionDate "2020.05.31"]
[SourceQuality "1"]

1. d4 d5 2. c4 e6 3. Nc3 Bb4 4. Qc2 Nf6 5. a3 Bxc3+ 6. Qxc3 Nc6 7. Nf3 b6 8. Bf4 Ba6 9. e3 Ne4 10. Qc2 Qd7 11. Bd3 Nd6 12. Bxd6 cxd6 13. b4 Bxc4 14. Bxc4 dxc4 15. Qxc4 d5 16. Qb5 Ne7 17. Qxd7+ Kxd7 18. Ne5+ Ke8 19. Rc1 f6 20. Nc6 Rc8 21. b5 Kd7 22. Kd2 Nxc6 23. bxc6+ Rxc6 24. Rxc6 Kxc6 25. Rc1+ Kb7 26. Kd3 f5 27. f3 Rf8 28. h4 Rf6 29. g4 Rh6 30. h5 fxg4 31. fxg4 Rf6 32. Ke2 a5 33. a4 Rf7 34. g5 Rc7 35. Rf1 Ka6 36. h6 gxh6 37. gxh6 b5 38. axb5+ Kxb5 39. Rf6 Re7 40. Kd2 a4 41. Kc3 Rc7+ 42. Kb2 Re7 43. Rf8 Kc4 44. Ka3 Kd3 45. Rf3 Kc4 46. Rf2 Rb7 47. Rf6 Re7 48. Rf3 Rb7 49. Rf6 Rb3+ 50. Kxa4 Rxe3 51. Rf7 Kxd4 52. Rxh7 Rh3 53. Rh8 e5 54. h7 e4 0-1